Sports Quiz

Random Sports or Vocabulary Quiz

Pro Wrestling Dictionary Quiz Stats

Quiz Updated Jan 20, 2012

Also try: Most WWE Belts
Challenge
Share
Tweet
Embed
Score 0/40 Timer 07:00
12 Plays Today
Hint Term % Correct
VillainHeel
86.8%
Good guyBabyface
86.4%
WWE's term for female wrestlersDiva
82.5%
ChampionshipBelt/Strap/Title
81.3%
The move a wrestler usually uses to end a matchFinisher
74.5%
Mexican style of wrestlingLucha libre
71.6%
Non-televised matchDark match
69.7%
A failed moveBotch
67.8%
Making oneself bleedBlading/Gigging/Juicing
67.1%
A group of allied wrestlersStable/Faction
62.3%
WWE's term for wrestlersSuperstar/Entertainer
62.1%
A structure sometimes erected around a ring to keep interference outSteel cage/Hell in a Cell
60.4%
Going from good guy to villain (or vice-versa)Turn
60.2%
SteroidsGas/Juice/Roids
60%
Vince McMahon's term for wrestlingSports Entertainment
57.5%
The illusion that pro wrestling is real; also the upkeep of that illusionKayfabe
57.2%
Bizarre/mysterious wrestlers usually hail from hereParts Unknown
56.9%
Booing from fansHeat
52.5%
Act as if you were hit by a real moveSell
51%
A brief match where one wrestler dominates the otherSquash match
50.5%
Hint Term % Correct
Guy in charge of storylinesBooker
50.2%
Female accompanymentValet
47.7%
Taking a lossJob
47.5%
Insider term for fansMark
47.4%
Using weapons in a match; extreme wrestlingHardcore/Garbage wrestling
47.1%
Being promoted from mid-card to main eventPush
44.8%
A real event in wrestling; An unplanned comment or eventShoot/Legit
44.1%
StorylineAngle/Feud
39.9%
Cheering from fansPop
39.8%
Neither a good guy or villainTweener
39.5%
Wrestler/actor who poses as a fanPlant
38.5%
Wrestler's personality and/or distinguishing traitsGimmick
37.8%
Illegal objectForeign object
34.9%
The real-life head of a wrestling companyPromoter
32.2%
A general term for a wrestling companyPromotion
31.9%
A 'fixed' event; could apply to wrestling as a wholeWork
30.5%
A real-life double crossingScrewjob
29%
'Real', mat-based wrestlingScientific/Freestyle/Technical/Chain Wrestling
28.9%
Japanese pro wrestlingPuroresu/Strong Style Wrestling
22.1%
Wrestler's bodyguardEnforcer
17.7%

You're not logged in!

Compare scores with friends on all Sporcle quizzes.
Sign Up with Email
OR
Log In

You Might Also Like...

Show Comments

Extras

Top Quizzes Today


Score Distribution

Your Account Isn't Verified!

In order to create a playlist on Sporcle, you need to verify the email address you used during registration. Go to your Sporcle Settings to finish the process.